000 00423nam a2200181Ia 4500
008 230524s9999 xx 000 0 und d
020 _a8188429260
082 _a621.382
_bKUM
100 _aH.V.Kumaraswamy
245 0 _aSignals and Systems
250 _a1ST
260 _aCHENNAI
_bScitech
_c2005
300 _a5.66
500 _aQuantity Number: 3
650 _aElectronics
700 _a P.Nagaraju
942 _cBK
999 _c23782
_d23782